Utopía, proyecto alternativo y recuperación del estado de derecho: mediaciones necesarias para una sociedad en la cual quepan todos /
Furkejuvvon:
| Váldodahkki: | |
|---|---|
| Materiálatiipa: | Texto |
| Fáddágilkorat: |
Lasit fáddágilkoriid
Eai fáddágilkorat, Lasit vuosttaš fáddágilkora!
|
MARC
| LEADER | 00000 a a2200000 04500 | ||
|---|---|---|---|
| 001 | 11813 | ||
| 003 | |||
| 040 | |||
| 100 | |a Mora, Henry | ||
| 245 | |a Utopía, proyecto alternativo y recuperación del estado de derecho: |b mediaciones necesarias para una sociedad en la cual quepan todos / |c Henry Mora | ||
| 773 | |g número 117; páginas 18-29 | ||
| 999 | |c 37789 |d 37789 | ||
| 773 | 0 | |0 41641 |9 2421 |a Departamento Ecuménico de Investigaciones (DEI) |d San José, Costa Rica Departamento Ecuménico de Investigaciones (DEI) |o 20211 |t Pasos / | |
| 773 | 0 | |0 41641 |9 2422 |a Departamento Ecuménico de Investigaciones (DEI) |d San José, Costa Rica Departamento Ecuménico de Investigaciones (DEI) |o 20210 |t Pasos / | |
| 773 | 0 | |0 41641 |9 2423 |a Departamento Ecuménico de Investigaciones (DEI) |d San José, Costa Rica Departamento Ecuménico de Investigaciones (DEI) |o 20212 |t Pasos / | |
